000 00626cam a22001697a 4500
008 180718b1958 xxu||||| |||| 00| 0 eng d
082 _aD613 L532
245 _aUnited Nations textbook
_cby Leiden. University. Study Group for International Law
250 _a3rd ed.
260 _aLeiden
_bLeiden Univ. Press
_c1958
300 _a442p.
500 _aTexts of important UN documents, constitution of ILO and texts of modern regional pacts; Rs.32.30
650 _aInternational law --Sources
650 _aTreaties --Collections
650 _aUnited Nations
700 _aLeiden. University. Study Group for International Law
999 _c371937
_d371937